Catholic University of Zimbabwe Library
Online Public Access Catalogue
(OPAC)

In the shadow of a conflict (Record no. 9216)

MARC details
000 -LEADER
fixed length control field 00543 a2200145 4500
020 ## - INTERNATIONAL STANDARD BOOK NUMBER
International Standard Book Number 9781779222176
005 - DATE AND TIME OF LATEST TRANSACTION
control field 20191017172657.0
084 ## - OTHER CLASSIFICATION NUMBER
Classification number DT2996 .I58 2013
245 ## - TITLE STATEMENT
Title In the shadow of a conflict
Remainder of title : crisis in Zimbabwe and Its effects in Mozambique, South Africa and Zambia
Medium print
260 ## - PUBLICATION, DISTRIBUTION, ETC.
Place of publication, distribution, etc. rh
Date of publication, distribution, etc. 2013
300 ## - PHYSICAL DESCRIPTION
Extent xiii, 349 pages : illustrations, maps
Other physical details 22 cm
Dimensions xiii, 349 pages : illustrations, maps ; 22 cm
500 ## - GENERAL NOTE
General note edited by Bill Derman and Randi Kaarhus.
650 ## - SUBJECT ADDED ENTRY--TOPICAL TERM
Topical term or geographic name entry element ZIMBABWE HISTORY 2000
700 ## - ADDED ENTRY--PERSONAL NAME
Personal name Derman, William
700 ## - ADDED ENTRY--PERSONAL NAME
Personal name Kaarhus, Randi

No items available.

OPENING HOURS

Weekdays: 0815hrs - 1800hrs
Weekends:0900hrs - 1200hrs

Closed for Mass:

Mon, Thur: 1200hrs - 1300hrs
Sunday & Public Holiday’s

CALL SUPPORT

0242-570570, 0242-570169
09200664, +263 8644140602

LOCATION

18443, Cranborne Avenue, Hatfield, Harare

Other Links


©2021 | CUZ Library